Valorización de la hotelería argentina de fines del siglo XIX : el caso del Hotel Boulevard Atlántico /

Detalles Bibliográficos
Autor principal: Padilla, Noelia Aymará
Otros Autores: Benseny, Graciela
Formato: Artículo
Lenguaje:Espa�ol
Materias:
Acceso en línea:Portal de Promoción y Difusión Pública del Conocimiento Académico y Científico de la Facultad de Ciencias Económicas y Sociales de la Universidad Nacional de Mar del Plata.
Etiquetas: Agregar Etiqueta
Sin Etiquetas, Sea el primero en etiquetar este registro!

MARC

LEADER 00000nab a22000005a 4500
001 AR-BbUGT10146
003 AR-BbUGT
005 20210614151656.0
007 ta
008 190701s2017 ag |||p |||| 00| 0 spa d
040 1 |a AR-BbUGT  |c AR-BbUGT  |e rca 
041 1 |a spa  |b eng  |h spa 
100 1 |a Padilla, Noelia Aymará. 
245 1 0 |a Valorización de la hotelería argentina de fines del siglo XIX :   |b el caso del Hotel Boulevard Atlántico /   |c Noelia Aymará Padilla y Graciela Benseny. 
300 |a p. 93-108 
520 3 |a La investigación analiza los sitios de interés históricos vinculados con la hotelería de fines de siglo XIX y principios de siglo XX en Argentina, considerados como "hotelería de oro". Se estudia el devenir del Hotel Boulevard Atlántico, hito arquitectónico de la localidad de Mar del Sud (Argentina), destino turístico de sol y playa. Actualmente la edificación se encuentra en estado de abandono, imposibilitando su aprovechamiento turístico. Se indaga la opinión de residentes en cuestiones vinculadas con el estado de la edificación y su reconocimiento como recurso cultural y turístico de la localidad. El Hotel Boulevard Atlántico constituye un elemento del patrimonio cultural de la localidad que aporta rasgos diferenciales al destino frente a otros con características naturales compartidas. Su valorización requiere la restauración, conservación y el establecimiento de nuevas funciones vinculadas a los intereses de turistas y residentes. 
651 4 |a Argentina  |9 254 
653 |a Hoteles  
653 |a Historia 
653 |a Patrimonio cultural 
653 |a Hotel Boulevard Atlántico 
653 |a Turismo cultural 
653 |a Recursos culturales 
653 |a Hotelería 
700 1 |a Benseny, Graciela. 
773 0 |d Mar del Plata : Facultad de Ciencias Económicas y Sociales, [1995] - .  |w AR-BbUGT7150  |t Faces  |x 0328-4050  |g Vol. 23, no. 49 (jul. - dic. 2017), p. 93-108  |q 23:49:93<108 
856 4 1 |3 Texto completo.  |u http://nulan.mdp.edu.ar/2818/  |y Portal de Promoción y Difusión Pública del Conocimiento Académico y Científico de la Facultad de Ciencias Económicas y Sociales de la Universidad Nacional de Mar del Plata. 
942 |c ARTPP  |2 ddc 
999 |c 15820  |d 15820